Para una crítica del poder burocrático: comunista otra vez

Na minha lista:
Detalhes bibliográficos
Autor principal: Pérez Soto, Carlos (Autor)
Formato: Livro
Idioma:espanhol
Publicado em: Santiago Lom 2008
Edição:2a. ed
coleção:Ciencias Humanas: Marxismo
Assuntos:
Tags: Adicionar Tag
Sem tags, seja o primeiro a adicionar uma tag!

MARC

LEADER 00000nam a2200000 a 4500
001 UCI8665
003 CL-VaPUC
008 080922e20080000CL |||||||||||||||||spa|d
020 |a 9789562829885 
082 0 4 |a 335.4  |b PER  |2 21 
100 0 |a Pérez Soto, Carlos  |e author  |9 532233 
245 1 0 |a Para una crítica del poder burocrático: comunista otra vez 
250 |a 2a. ed 
300 |a 223 p 
942 |c BK 
945 |d 20080922 00:00:00  |a rbrito 
260 |a Santiago  |b Lom  |c 2008 
650 7 |a MARXISMO  |2 CL-VaPUC  |9 532234 
650 0 |a Comunismo  |9 255588 
650 0 |a Socialismo  |9 255260 
650 0 |a Capitalismo  |9 255255 
583 |a last modification  |c 20080922 00:00:00  |k Rodrigo Vera 
490 0 |a Ciencias Humanas: Marxismo 
999 |c 331481  |d 331479 
952 |0 0  |1 0  |4 0  |6 335_400000000000000_PER_2008  |7 0  |8 A  |9 418168  |a BIBHIS  |b BIBHIS  |d 2019-11-22  |i 4481976  |l 5  |o 335.4 PER 2008  |p 4481976  |r 2025-01-20  |s 2020-10-06  |w 2019-11-22  |y BK  |k HIS